Les personnages de la série Skins - Statistiques

Statistiques générales
  • Ce quiz a été pris 564 fois
  • Le résultat moyen est 13 sur 17
Statistiques - réponses
Par images Réponse % Correct
Effy
98%
Cassie
94%
Sid
94%
Michelle
93%
Tony
91%
Cook
83%
Freddie
78%
Pandora
77%
Emily
75%
Anwar
74%
JJ
72%
Maxxie
72%
Katie
68%
Thomas
65%
Naomi
63%
Jalender
35%
Karen
35%
Aucun quiz correspondant
Distribution des résultats
% des personnes avec chaque résultat
Percentile par nombre de réponses
Votre historique - résultats
Vous n’avez pas pris ce quiz